Sports Quiz

Random Sports or Football Quiz
Score 0/17 Timer 01:30
2 Plays Today
Appearances Team % Correct
52Dallas Cowboys
95.5%
80Detroit Lions
93.8%
36Green Bay Packers
88.3%
16New York Giants
82.6%
36Chicago Bears
81.3%
12Washington Redskins
77.4%
8Minnesota Vikings
77%
8Philadelphia Eagles
75.1%
8New York Jets
67.9%
Appearances Team % Correct
8Pittsburgh Steelers
67.9%
7Miami Dolphins
61.3%
7Las Vegas Raiders
57.1%
11Denver Broncos
40.2%
9Buffalo Bills
37.6%
10Kansas City Chiefs
37.2%
23Arizona Cardinals
36.6%
7Tennessee Titans
30.4%
Remove Ads.
Support Sporcle.
Get the best of Sporcle when you Go Orange. This ad-free experience offers more features, more stats, and more fun while also helping to support Sporcle. Thank you for becoming a member.

You're not logged in!

Compare scores with friends on all Sporcle quizzes.
OR
Log In

Sporcle TV

Today on Sporcle TV


Watch our educational content, quiz creation guides, and fun videos on Sporcle TV.

Show Comments

Extras

Top Quizzes Today


Score Distribution

Paid Content

Your Account Isn't Verified!

In order to create a playlist on Sporcle, you need to verify the email address you used during registration. Go to your Sporcle Settings to finish the process.

Report this User

Report this user for behavior that violates our Community Guidelines.

Details: